[Event "III Trofeo Pentium4"]
[Site "Milano ITA"]
[Date "2003.07.22"]
[Round "9"]
[White "Drazic, Sinisa"]
[Black "Qendro, Llambi"]
[Result "1/2-1/2"]
[WhiteElo "2463"]
[BlackElo "2370"]
[PlyCount "112"]
[EventDate "2003.07.14"]

1. b3 g6 2. Bb2 Nf6 3. Nf3 Bg7 4. g3 O-O 5. Bg2 d6 6. d4 e5 7. dxe5 Ng4 8. Nc3
Nxe5 9. Nd2 Nbc6 10. h3 Be6 11. O-O f5 12. e3 Qd7 13. Kh2 Rae8 14. Rb1 Nf7 15.
Na4 Ng5 16. f4 Ne4 17. Nxe4 fxe4 18. c4 h5 19. Qd2 Nd8 20. Bxg7 Qxg7 21. Nc3
Bf5 22. Rbd1 Kh8 23. Qc2 Re6 24. b4 Nf7 25. Rd5 Nh6 26. Ne2 h4 27. gxh4 Qe7 28.
Qc3+ Kh7 29. Qe1 c6 30. Ra5 b6 31. Ra3 c5 32. Nc3 Rf7 33. b5 Kg8 34. Rg1 Rh7
35. Nd5 Qd8 36. Bf1 Nf7 37. Rg5 Qf8 38. Qg3 Nxg5 39. hxg5 Qg7 40. Rc3 Kf7 41.
Kg1 Ke8 42. h4 Qh8 43. Ra3 Rxh4 44. Rxa7 Qh5 45. Be2 Bg4 46. Re7+ Kf8 47. Rxe6
Rh1+ 48. Kf2 Rh2+ 49. Kg1 Rh1+ 50. Kg2 Bf3+ 51. Bxf3 exf3+ 52. Kf2 Rh2+ 53. Kf1
Rh1+ 54. Kf2 Rh2+ 55. Kf1 Rh1+ 56. Kf2 Rh2+ 1/2-1/2

[Event "III Trofeo Pentium4"]
[Site "Milano ITA"]
[Date "2003.07.22"]
[Round "9"]
[White "Lazic, Miroljub"]
[Black "Brunello, Sabino"]
[Result "1-0"]
[WhiteElo "2506"]
[BlackElo "2234"]
[PlyCount "143"]
[EventDate "2003.07.14"]

1. Nf3 d5 2. b3 Nf6 3. Bb2 e6 4. e3 Be7 5. Be2 b6 6. c4 O-O 7. O-O Bb7 8. d3 c5
9. Nbd2 Nc6 10. a3 Bd6 11. Re1 e5 12. cxd5 Nxd5 13. Nc4 Re8 14. Nxd6 Qxd6 15.
Qc2 f6 16. Nd2 Rac8 17. Bf3 Red8 18. Rad1 Rc7 19. Qb1 Qf8 20. Nc4 Nde7 21. Be2
Qf7 22. Bf1 Qg6 23. Qc2 Rcd7 24. f3 Nf5 25. Qf2 Ba6 26. Rc1 Nd6 27. Bc3 Nxc4
28. dxc4 Qf7 29. Qc2 Bc8 30. b4 Qe7 31. Qa4 Rd6 32. bxc5 bxc5 33. Qb5 Re6 34.
Red1 Red6 35. Rxd6 Qxd6 36. Be2 a6 37. Qa4 Bd7 38. Qxa6 Rb8 39. Rd1 Qc7 40. Rd5
Rb1+ 41. Kf2 e4 42. f4 Rb3 43. Qa8+ Nb8 44. Qa5 Qxa5 45. Bxa5 Kf7 46. Be1 Rxa3
47. Rxc5 Nc6 48. Rd5 Ke7 49. Rd2 Be6 50. Rb2 Bc8 51. h3 Kd6 52. g4 Kc7 53. Bd1
h5 54. Bc2 hxg4 55. hxg4 Bxg4 56. Bxe4 Ra1 57. Bd5 Bc8 58. Bc3 Rc1 59. Bd2 Ra1
60. e4 Ne7 61. Ke3 Ba6 62. Kd4 Nc6+ 63. Kc5 Ne7 64. f5 g6 65. fxg6 Nxg6 66. Bc3
Nf4 67. Rh2 Rc1 68. Bd2 Rf1 69. Bxf4+ Rxf4 70. Rh7+ Kb8 71. Kb6 Bc8 72. Rh8 1-0

[Event "III Trofeo Pentium4"]
[Site "Milano ITA"]
[Date "2003.07.22"]
[Round "9"]
[White "Pilgaard, Kim"]
[Black "Bellia, Fabrizio"]
[Result "1-0"]
[WhiteElo "2446"]
[BlackElo "2397"]
[PlyCount "147"]
[EventDate "2003.07.14"]

1. e4 e5 2. Nf3 Nf6 3. d4 Nxe4 4. Bd3 d5 5. Nxe5 Nd7 6. Nxd7 Bxd7 7. O-O Be7 8.
c4 Nf6 9. Nc3 dxc4 10. Bxc4 O-O 11. Bf4 Bd6 12. Bg5 h6 13. Bh4 a6 14. Qf3 g5
15. Bg3 b5 16. Nd5 Nxd5 17. Bxd5 Rb8 18. Rac1 Rb6 19. Be5 Bxe5 20. dxe5 Be6 21.
Rfd1 Qe7 22. h3 Rd8 23. a3 Bxd5 24. Rxd5 Rxd5 25. Qxd5 Re6 26. Rc5 Kg7 27. b4
Kg8 28. Kh2 Kg7 29. Qe4 c6 30. g3 f6 31. exf6+ Qxf6 32. Qc2 Qf3 33. Rf5 Qe4 34.
Qc3+ Kg6 35. Rf8 Qe5 36. Qd3+ Kg7 37. Rf5 Rd6 38. Qc2 Qd4 39. Qe2 Rf6 40. Qe7+
Kg6 41. Rxf6+ Qxf6 42. Qxf6+ Kxf6 43. f4 c5 44. bxc5 Ke6 45. fxg5 hxg5 46. h4
gxh4 47. gxh4 a5 48. h5 b4 49. h6 b3 50. h7 b2 51. h8=Q b1=Q 52. Qh6+ Kd7 53.
Qd6+ Kc8 54. Qe6+ Kc7 55. Qd6+ Kc8 56. Qc6+ Kb8 57. a4 Qa2+ 58. Kg1 Qb1+ 59.
Kf2 Qc2+ 60. Ke3 Qc3+ 61. Kf4 Qd2+ 62. Kf5 Qc2+ 63. Kf6 Qc3+ 64. Kf7 Qc4+ 65.
Ke7 Qh4+ 66. Qf6 Qxa4 67. Qd6+ Ka8 68. c6 Qh4+ 69. Kd7 Qg4+ 70. Kc7 Qg7+ 71.
Kc8 Qg4+ 72. Qd7 Qg8+ 73. Qd8 Qb3 74. Qxa5# 1-0